Poemas mitológicos de Miguel de Barrios / (Record no. 137955)

MARC details
000 -LEADER
campo de control de longitud fija 00555nam a2200169 4500
001 - NÚMERO DE CONTROL
campo de control 137955
003 - IDENTIFICADOR DE NÚMERO DE CONTROL
campo de control ES-MaACL
005 - FECHA Y HORA DE LA ÚLTIMA TRANSACCIÓN
campo de control 20230906195456.0
007 - CAMPO FIJO DE DESCRIPCIÓN FÍSICA--INFORMACIÓN GENERAL
campo de control de longitud fija t|
008 - DATOS DE LONGITUD FIJA--INFORMACIÓN GENERAL
campo de control de longitud fija 070214s1981 sp r ||||1| spa d
100 1# - ENTRADA PRINCIPAL--NOMBRE DE PERSONA
Nombre de persona Sánchez Fernández, José Luis.
9 (RLIN) 102637
245 10 - MENCIÓN DEL TÍTULO
Título Poemas mitológicos de Miguel de Barrios /
Mención de responsabilidad, etc. José Luis Sánchez Fernández.
260 ## - PUBLICACIÓN, DISTRIBUCIÓN, ETC.
Lugar de publicación, distribución, etc. Córdoba :
Nombre del editor, distribuidor, etc. Instituto de Historia de Andalucía,
Fecha de publicación, distribución, etc. 1981.
300 ## - DESCRIPCIÓN FÍSICA
Extensión 138 p. ;
Dimensiones 21 cm.
710 2# - ENTRADA AGREGADA--NOMBRE DE ENTIDAD CORPORATIVA
Nombre de entidad corporativa o nombre de jurisdicción como elemento de entrada Instituto de Historia de Andalucía.
9 (RLIN) 4952
852 ## - LOCALIZACIÓN
Ubicación ES-MaACL
Número de control de estantería L-1233
Sublocalización o colección R.101966
Holdings
Estatus retirado Estado de pérdida Estado de daño No para préstamo Biblioteca de origen Biblioteca actual Ubicación en estantería Fecha de adquisición Fuente de adquisición Total de préstamos Signatura topográfica completa Código de barras Visto por última vez Precio de reemplazo Tipo de ítem Koha
        Biblioteca del Ateneo de Madrid Biblioteca del Ateneo de Madrid Depósito 2 17/01/2008     L-1233 1143555 23/02/2023 23/02/2023 Libro impreso